000 00494nam a2200181Ia 4500
005 20250326141301.0
008 250326s9999 xx 000 0 und d
037 _aTextbook
040 _aFMSL
_beng
_cFMSL
041 _aeng
_2eng
084 _aX:9 N4
_qFMSL
100 _aAnderson A.h.
_9369113
245 0 _aEffective personnel management
_cAnderson A.h.
260 _aUSA
_bUSA, Blackwell Business
_c1994
300 _a278p
942 _cTB
_hX:9 N4
999 _c1289590
_d1289590